000 01158nam a22002537a 4500
005 20130502154657.0
008 090728t xxu||||| |||| 00| 0 pun d
010 _aPUN-7341 B-493699-703
020 _c200.00
_a9788178836928
035 _aPN-6459 B-493699-703
037 _bDBAD / PUB/ਚੇਤਨਾ ਪ੍ਰਕਾਸ਼ਨ
037 _bBPPD/Allied pub
040 _adpl
_bPN
082 _a
100 _937323
_aਗੰਗੋਪਾਦਿਆਇ , ਸੁਨੀਲ
245 _aਮਨ ਦਾ ਮਨੁਖ /
_cਸੁਨੀਲ ਗੰਗੋਪਾਦਿਆਇ , ਤਰਸੇਮ ਦ੍ਵਾਰਾ ਅਨੁਦਿਤ
246 _aMan da manukh
_bby Sunil Gangopadhyaya
260 _aਲੁਧਿਆਣਾ
_bਚੇਤਨਾ ਪ੍ਰਕਾਸ਼ਨ
_c2010
270 _aPunjabi Bhawan,
_bLudhiana ( Pb.)
_k0161-2413613
_mchetnaprakashan@sify.com
300 _a159;
_b21 ਸੇਂਮੀ(ਸਜਿਲਦ)
700 _952706
_aਤਰਸੇਮ
942 _2ddc
_cPN
_h
_mਗੰਗੋਪਾ
999 _c70523
_d70523